00573 2200217 4500001002100000005001500021035002000036007000300056008004100059020002200100082000800122084001400130100001900144245004000163250001700203260004400220300004000264650002200304505001200326990001700338INLIS00000000001000220260513091609 a0010-0526000032ta260513 g 0 ind  a978-602-392-070-9 a613 a613 MOH e0 aMohamad Ichwan1 aEkonomi Kesehatan /cMohamad Ichwan a1, Cet. Ke-4 aTangerang :bUniversitas Terbuka,c2020 axvi, 990 hlm :bilus. ;c21 x 27 cm 4aEkonomi Kesehatan ahlm.990 a202500223299